| 000 | 01642cam a22002294a 4500 | ||
|---|---|---|---|
| 005 | 20250605163944.0 | ||
| 008 | 250528s ||||||||||||||||||||||||d | ||
| 035 | _a15152 | ||
| 020 | _a273638491 | ||
| 040 |
_aGR-AtMCL _bgre _dGR-AtMCL _eAACR2 |
||
| 245 | 1 | _aBusiness Information Systems / Technology, Development and Management | |
| 260 |
_bFinancial Times - Pitman Publishing, _c1999 |
||
| 300 | _a732 | ||
| 520 | _aThis book provides a comprehensive and accessible guide to business applications of information technology, information systems building and the management of information systems. Preface, Acknowledgements, Introduction to Information Systems, Basic Concepts - Understand Information, Basic Concepts - An Introduction to Information Systems, Hardware, Software, Networks and Telecommunications, Business Applications of Information Systems, Information Systems Development, An Introduction to Acquiring and Developing Information Systems, Initiating Systems Development, Systems Project Management, Systems Analysis, Systems Design, System Build and Implementation and Maintenance, Information Systems Management, Information Systems Strategy, Protecting Information Systems Against Security, End-User Computing and Providing End-User Services, Managing Internet - and Intranet - Based Information Systems, Ethical and Legal and Moral Constraints on Information Systems, Information Systems in the Future, Glossary, Index. | ||
| 700 | 1 |
_aBocij Paul _91007 |
|
| 700 | 1 |
_aChaffey Dave _91008 |
|
| 700 | 1 |
_aGreasley Andrew _91009 |
|
| 700 | 1 |
_aHickie Simon _91010 |
|
| 942 | _cBK | ||
| 999 |
_c746 _d746 |
||